000 00680nam a2200241Ia 4500
003 OSt
005 20221006144755.0
006 a|||||r|||| 00| 0
007 ta
008 221006b |||||||| |||| 00| 0 eng d
020 _c
_2.00
024 _a12,675
037 _bGift,
_cTextual
040 _aEASL
_cEASL
_beng
041 _2eng
_aeng
082 _aV41:191(Z,3)0bX:5.N64<-N4, K8
100 _aHSIAO Gene T
245 0 _aCommunist Chinas trade treaties and agreements
260 _aBerkeley
_bCCS
_c1969
300 _a623-58p.
_ccm.
942 _hV41:191(Z,3)0bX:5.N64<-N4, K8
_cTEXL
_2CC
999 _c1080761
_d1080761